[Event "ICS rated bullet match"]
[Site "204.178.125.65"]
[Date "2000.11.23"]
[Round "?"]
[White "Hossa"]
[Black "Beckz"]
[Result "1-0"]
[WhiteElo "2585"]
[BlackElo "2237"]
[PlyCount "97"]
[EventDate "2000.??.??"]

1. d4 e6 2. e3 d5 3. Nf3 f5 4. c4 c6 5. cxd5 exd5 6. Ne5 Nf6 7. Be2 Nbd7 8.
Nxd7 Bxd7 9. Nd2 Bd6 10. Qb3 b6 11. Nf3 Qe7 12. O-O Ne4 13. Ne5 Bxe5 14. dxe5
Qxe5 15. f3 Nf6 16. Bd2 Qe7 17. Qb4 Qxb4 18. Bxb4 c5 19. Bc3 Ke7 20. Rfd1 Bc6
21. Bd3 Rad8 22. Bxf5 Rhe8 23. Be5 Kf8 24. Bc7 Ra8 25. Bd6+ Kf7 26. Kf2 Rad8
27. Bc7 Ra8 28. g4 Re7 29. Bd6 Ree8 30. h3 Rad8 31. Bc7 Ra8 32. a4 a6 33. Bxb6
c4 34. Bc7 Ra7 35. Bd6 Rb7 36. Ra2 Rb3 37. Bf4 Nd7 38. Bxd7 Bxd7 39. Rxd5 Be6
40. Rd6 c3 41. bxc3 Rxc3 42. Rb2 Rec8 43. Rb7+ R8c7 44. Rxc7+ Rxc7 45. Rxa6
Rc2+ 46. Kg3 g6 47. Ra7+ Kf6 48. g5+ Kf5 49. e4# {Beckz checkmated} 1-0

[Event "ICS rated bullet match"]
[Site "204.178.125.65"]
[Date "2000.11.23"]
[Round "?"]
[White "Beckz"]
[Black "Hossa"]
[Result "0-1"]
[WhiteElo "2224"]
[BlackElo "2589"]
[PlyCount "88"]
[EventDate "2000.??.??"]

1. d4 Nf6 2. c3 d5 3. Qc2 e6 4. g3 c5 5. dxc5 Bxc5 6. Bg2 Qb6 7. e3 e5 8. Ne2
Be6 9. O-O O-O 10. Nd2 Bd6 11. Nb3 a5 12. Bd2 a4 13. Nbc1 Bg4 14. f3 Bf5 15.
Qxf5 Qxb2 16. Qb1 Qxd2 17. Rf2 Bc5 18. Rf1 Qxe3+ 19. Kh1 Bb6 20. Qc2 Nc6 21. a3
Bc7 22. Na2 Bd6 23. Rae1 Bxa3 24. Nf4 Qa7 25. Nh3 Bc5 26. Qf5 a3 27. Qg5 h6 28.
Qf5 Rfb8 29. f4 e4 30. Ng5 Ne7 31. Qh3 Qa4 32. Ne6 fxe6 33. Qxe6+ Kh8 34. Qf7
Qc6 35. f5 Rf8 36. Qe6 Qc7 37. Rf4 Ra6 38. Rh4 Rxe6 39. fxe6 Qb6 40. g4 Bf2 41.
g5 Bxe1 42. gxf6 Bxh4 43. fxe7 Qb1+ 44. Bf1 Qxf1# {Beckz checkmated} 0-1

[Event "ICS rated bullet match"]
[Site "204.178.125.65"]
[Date "2000.11.23"]
[Round "?"]
[White "repla"]
[Black "Hossa"]
[Result "0-1"]
[WhiteElo "2061"]
[BlackElo "2592"]
[PlyCount "66"]
[EventDate "2000.??.??"]

1. e4 c5 2. Nf3 g6 3. c3 d5 4. d3 dxe4 5. dxe4 Qxd1+ 6. Kxd1 Nf6 7. Bb5+ Nc6 8.
Bxc6+ bxc6 9. Re1 Bg7 10. Nbd2 O-O 11. Kc2 Rd8 12. Nf1 Ba6 13. e5 Bd3+ 14. Kb3
Rab8+ 15. Ka3 Rb6 16. b3 Ne4 17. Be3 Nxc3 18. Rec1 Ra6+ 19. Kb2 Ne2 20. Rxc5 f5
21. Rac1 f4 22. Bd2 Nxc1 23. Bxc1 Bxf1 24. Bxf4 Bxg2 25. Ng5 Bd5 26. Bg3 h6 27.
Nh3 Be4 28. Ng1 Rd2+ 29. Kc3 Raxa2 30. Kb4 e6 31. f4 Bf8 32. Nh3 a5+ 33. Kc3
Rac2# {repla checkmated} 0-1

[Event "ICS rated bullet match"]
[Site "204.178.125.65"]
[Date "2000.11.23"]
[Round "?"]
[White "Hossa"]
[Black "repla"]
[Result "1-0"]
[WhiteElo "2593"]
[BlackElo "2060"]
[PlyCount "67"]
[EventDate "2000.??.??"]

1. e4 d6 2. d4 Nf6 3. Nc3 g6 4. Bg5 Bg7 5. Nf3 O-O 6. Bc4 Bg4 7. h3 Bxf3 8.
Qxf3 c6 9. e5 dxe5 10. dxe5 Nd5 11. Nxd5 cxd5 12. Qxd5 Qxd5 13. Bxd5 Nc6 14. f4
e6 15. Bxc6 bxc6 16. O-O-O Rfb8 17. Rd7 Rb4 18. a3 Rc4 19. b3 Re4 20. Kd2 h6
21. Kd3 Rxe5 22. fxe5 hxg5 23. Rf1 Rf8 24. Ke4 g4 25. h4 c5 26. Rxa7 c4 27.
bxc4 Bh6 28. Rd7 Kg7 29. a4 g5 30. h5 Kg8 31. a5 Bg7 32. a6 Ra8 33. Rfxf7 Bf8
34. a7 {repla resigns} 1-0

[Event "ICS rated bullet match"]
[Site "204.178.125.65"]
[Date "2000.11.23"]
[Round "?"]
[White "Hossa"]
[Black "repla"]
[Result "1-0"]
[WhiteElo "2594"]
[BlackElo "2058"]
[PlyCount "63"]
[EventDate "2000.??.??"]

1. e4 d6 2. d4 e6 3. Nc3 Nd7 4. Nf3 Be7 5. Bd3 c6 6. O-O Ngf6 7. Bg5 e5 8. dxe5
Nxe5 9. Nxe5 dxe5 10. Qd2 Qc7 11. a3 Be6 12. Rfd1 O-O-O 13. a4 Kb8 14. a5 a6
15. Be3 Nd7 16. Na4 g6 17. b4 f5 18. exf5 gxf5 19. Qe1 f4 20. Bb6 Nxb6 21. axb6
Qc8 22. Qxe5+ Bd6 23. Qa5 f3 24. g3 Bc4 25. Bxc4 Qh3 26. Bf1 Qh5 27. Qxh5 Rhg8
28. Qxh7 Bxg3 29. hxg3 Rh8 30. Qc7+ Ka8 31. Rxd8+ Rxd8 32. Qxd8# {
repla checkmated} 1-0

[Event "ICS rated blitz match"]
[Site "204.178.125.65"]
[Date "2000.11.23"]
[Round "?"]
[White "Hossa"]
[Black "QueenMaxima"]
[Result "1-0"]
[WhiteElo "2506"]
[BlackElo "2540"]
[PlyCount "133"]
[EventDate "2000.??.??"]

1. e4 c5 2. Nf3 Nc6 3. Bb5 d6 4. O-O Bd7 5. Re1 Nf6 6. c3 a6 7. Ba4 b5 8. Bc2
e5 9. a4 b4 10. d4 bxc3 11. bxc3 cxd4 12. cxd4 Be7 13. Nc3 Rc8 14. dxe5 Nxe5
15. Nxe5 dxe5 16. Nd5 Bc5 17. Bg5 Bxf2+ 18. Kxf2 Ng4+ 19. Qxg4 Rxc2+ 20. Kg1
Bxg4 21. Bxd8 Kxd8 22. Ne3 Rc5 23. Nxg4 Ke7 24. Rec1 Rhc8 25. Rxc5 Rxc5 26. Ne3
h5 27. Rb1 Ra5 28. Rb4 Kd7 29. Rc4 g6 30. Nd5 Kd6 31. Nc7 f5 32. Kf2 h4 33. Ke3
Kd7 34. Ke2 fxe4 35. Ke3 Ke7 36. Kxe4 Kd6 37. Kd3 g5 38. h3 Kd7 39. Kc3 e4 40.
Kd4 Kd6 41. Kxe4 Re5+ 42. Kd4 Re2 43. Nxa6 Rxg2 44. Nc5 Rd2+ 45. Ke3 Rd5 46.
Ne4+ Ke6 47. Rc5 Rxc5 48. Nxc5+ Kd5 49. Kf3 Kxc5 50. Kg4 Kb4 51. Kxg5 Kxa4 52.
Kxh4 Kb5 53. Kh5 Kc5 54. h4 Kd6 55. Kh6 Ke6 56. Kg7 Ke5 57. h5 Kf5 58. h6 Ke4
59. h7 Ke5 60. h8=Q Ke4 61. Qh3 Ke5 62. Qd3 Ke6 63. Qd4 Kf5 64. Qe3 Kg4 65. Kf6
Kh4 66. Kf5 Kh5 67. Qh3# {QueenMaxima checkmated} 1-0

[Event "ICS rated blitz match"]
[Site "204.178.125.65"]
[Date "2000.11.23"]
[Round "?"]
[White "QueenMaxima"]
[Black "Hossa"]
[Result "0-1"]
[WhiteElo "2522"]
[BlackElo "2524"]
[PlyCount "164"]
[EventDate "2000.??.??"]

1. e4 e5 2. Nf3 Nc6 3. Bc4 Be7 4. O-O Nf6 5. d3 O-O 6. Nc3 d6 7. Be3 Na5 8. Bb3
Nxb3 9. axb3 a6 10. h3 c6 11. Re1 b6 12. d4 Qc7 13. b4 Ra7 14. d5 cxd5 15. Nxd5
Nxd5 16. exd5 Bf5 17. c3 Rfa8 18. Bg5 f6 19. Be3 Be4 20. Ra4 f5 21. Nh2 Qc4 22.
Bxb6 Rb7 23. Be3 Bxd5 24. Ra1 Qc6 25. g3 Bg2 26. Qh5 Bh1 27. Kf1 g6 28. Qh6
Qc4+ 29. Kg1 Qd5 30. Kf1 Qd3+ 31. Kg1 Qe4 32. f3 Bxf3 33. Bf2 Qc6 34. Nxf3 Qxf3
35. Qd2 Rc7 36. Ra5 Rcc8 37. Rea1 g5 38. Rxa6 Rxa6 39. Rxa6 f4 40. Ra7 Re8 41.
Kh2 g4 42. hxg4 fxg3+ 43. Bxg3 Qxg4 44. b5 Kh8 45. Qd3 Qg5 46. c4 Rg8 47. Kg2
e4 48. Qd4+ Bf6 49. Qf2 e3 50. Qf3 Be5 51. Ra8 e2 52. Rxg8+ Qxg8 53. Qxe2 Qxg3+
54. Kf1 Qf4+ 55. Ke1 Qc1+ 56. Kf2 Qg5 57. Qe4 Bxb2 58. Qe8+ Qg8 59. Qxg8+ Kxg8
60. Ke3 Ba3 61. Ke4 Bc5 62. Kd5 h5 63. Ke4 Kf7 64. Kf5 h4 65. Kg4 Ke6 66. Kf4
h3 67. Kg3 Ke5 68. Kxh3 Kd4 69. Kg4 Kxc4 70. Kf5 d5 71. Kf4 d4 72. b6 Bxb6 73.
Ke4 Bc5 74. Kf4 d3 75. Kf3 Kd5 76. Kf4 d2 77. Kg4 Ke5 78. Kg5 Be3+ 79. Kg4
d1=Q+ 80. Kh3 Kf4 81. Kh2 Kg4 82. Kg2 Qg1# {QueenMaxima checkmated} 0-1

[Event "ICS rated blitz match"]
[Site "204.178.125.65"]
[Date "2000.11.23"]
[Round "?"]
[White "Hossa"]
[Black "PostModernist"]
[Result "1/2-1/2"]
[WhiteElo "2540"]
[BlackElo "2619"]
[PlyCount "320"]
[EventDate "2000.??.??"]

1. e4 c5 2. Nf3 g6 3. d4 Bg7 4. Nc3 cxd4 5. Nxd4 Nc6 6. Be3 Nf6 7. Nxc6 bxc6 8.
e5 Nd5 9. Nxd5 cxd5 10. Qxd5 Rb8 11. Bc4 O-O 12. Bxa7 Rxb2 13. Bb3 e6 14. Qb5
Qc7 15. Bd4 Qxc2 16. O-O Qe2 17. Qa5 Bb7 18. Bxb2 Qxb2 19. Rfe1 Qd4 20. Qc7 Bc6
21. h3 Qf4 22. Rad1 Qg5 23. g4 h5 24. Rd4 hxg4 25. Rxg4 Qd2 26. Rf1 Qd3 27. Bd1
Qxh3 28. f3 Qh5 29. Re1 f6 30. Rf4 Qg5+ 31. Rg4 Qd2 32. Rf1 Bb5 33. Qd6 Qxd6
34. exd6 Bxf1 35. Kxf1 Kf7 36. Ra4 f5 37. Ra7 Rd8 38. Ba4 Ke8 39. Bd1 Bd4 40.
Ra4 Bc5 41. Ra6 Kf7 42. f4 Rb8 43. Bb3 Rb4 44. Ra4 Rxa4 45. Bxa4 Bxd6 46. Bxd7
Bxf4 47. a4 Bc7 48. Ke2 g5 49. Kd3 g4 50. Bb5 Kf6 51. Bd7 f4 52. Ke4 f3 53. a5
f2 54. Bb5 e5 55. a6 Bb6 56. Bf1 Bd4 57. Bc4 Kg5 58. a7 Bxa7 59. Kxe5 g3 60.
Bf1 Bb8+ 61. Ke4 Kg4 62. Bg2 Bd6 63. Ke3 Bf8 64. Ke2 Kf4 65. Bc6 Bc5 66. Bb7
Bd4 67. Bc6 Kg5 68. Bg2 Kf4 69. Bc6 Bb6 70. Bg2 Bd8 71. Bd5 Bf6 72. Bg2 Be7 73.
Kd3 Kg5 74. Ke2 Kg4 75. Ke3 Bd6 76. Ke4 Bc5 77. Bf1 Bd4 78. Bg2 Bf6 79. Ke3 Be7
80. Kd4 Kf5 81. Ke3 Ba3 82. Kf3 Bd6 83. Bf1 Kg5 84. Be2 Kh5 85. Bc4 Bc7 86. Kg2
Kg5 87. Kf3 Be5 88. Bf1 Kh4 89. Bg2 Bc7 90. Bf1 Bd6 91. Bg2 Bb8 92. Bf1 Bc7 93.
Bg2 Kg5 94. Bf1 Kf6 95. Bc4 Be5 96. Kg2 Bf4 97. Kf3 Bc7 98. Kg2 Be5 99. Kf3 Bf4
100. Bd3 Bd6 101. Kg2 Bf4 102. Kf3 Bb8 103. Bf1 Kf5 104. Bh3+ Kg5 105. Bg2 Bf4
106. Bf1 Be5 107. Bh3 Bd6 108. Bf1 Bf4 109. Bc4 f1=R+ 110. Bxf1 Bd6 111. Kg2
Kg4 112. Kh1 Kf3 113. Kg1 Bc5+ 114. Kh1 Bd4 115. Bh3 Kf2 116. Bg2 Be5 117. Be4
Bg7 118. Bd5 Bc3 119. Be4 Bf6 120. Bd5 Bg5 121. Be4 Bf4 122. Bd5 Be3 123. Be4
Bd2 124. Bd5 Bh6 125. Be4 Be3 126. Bd5 Bc1 127. Be4 Bh6 128. Bd5 Bd2 129. Be4
Bb4 130. Bd5 Be7 131. Be4 Bc5 132. Bd5 Bb4 133. Be4 Be7 134. Bd5 Bd6 135. Be4
Ba3 136. Bd5 Bc5 137. Be4 Bd6 138. Bd5 Bf4 139. Be4 Bc1 140. Bd5 Bd2 141. Be4
Ba5 142. Bd5 Bc7 143. Be4 Bd8 144. Bd5 Ba5 145. Be4 Bb6 146. Bd5 Ke3 147. Kg2
Kf4 148. Kh1 Be3 149. Kg2 Bf2 150. Kh1 Bc5 151. Kg2 Bd6 152. Kh1 Be5 153. Kg2
Bd4 154. Kh1 Bf6 155. Kg2 Be5 156. Kh1 Bd4 157. Kg2 Bf6 158. Kh1 Be5 159. Kg2
Bc3 160. Kh1 Bf6 {Game drawn by the 50 move rule} 1/2-1/2

[Event "ICS rated blitz match"]
[Site "204.178.125.65"]
[Date "2000.11.23"]
[Round "?"]
[White "paolo67"]
[Black "Hossa"]
[Result "0-1"]
[WhiteElo "1909"]
[BlackElo "2544"]
[PlyCount "68"]
[EventDate "2000.??.??"]

1. e4 e5 2. Nf3 Nf6 3. Nc3 Bb4 4. Nxe5 Qe7 5. Nc4 d5 6. Ne3 d4 7. Ncd5 Nxd5 8.
Nxd5 Qxe4+ 9. Qe2 Qxe2+ 10. Bxe2 Bd6 11. d3 O-O 12. Bf4 Bxf4 13. Nxf4 Re8 14.
Kd2 Bd7 15. Bf3 Nc6 16. Rhe1 Rac8 17. Nd5 Ne5 18. Bd1 Bc6 19. Nf4 Rcd8 20. f3
f5 21. Nh3 Re7 22. Be2 h6 23. Bf1 Rde8 24. Nf2 Bd5 25. f4 Nc6 26. a3 Re3 27. g3
Bf3 28. Nh3 b5 29. Rxe3 dxe3+ 30. Ke1 Nd4 31. Rc1 e2 32. c3 Nb3 33. Rc2 exf1=R+
34. Kxf1 Bd1 {paolo67 resigns} 0-1

[Event "ICS rated blitz match"]
[Site "204.178.125.65"]
[Date "2000.11.23"]
[Round "?"]
[White "Hossa"]
[Black "carpante"]
[Result "1-0"]
[WhiteElo "2545"]
[BlackElo "2249"]
[PlyCount "53"]
[EventDate "2000.??.??"]

1. e4 c6 2. d4 d5 3. e5 Bf5 4. Nf3 e6 5. Be2 c5 6. O-O Nc6 7. c3 cxd4 8. cxd4
Nge7 9. Nc3 Bg6 10. Bf4 Nf5 11. Rc1 Be7 12. Bd3 O-O 13. a3 Qb6 14. Na4 Qd8 15.
Nc5 Bxc5 16. Rxc5 Rc8 17. Bg5 Qb6 18. b4 Bh5 19. Bxf5 exf5 20. Rxd5 Bxf3 21.
Qxf3 Nxd4 22. Qd3 Ne6 23. Qxf5 Nxg5 24. Qxg5 Rfd8 25. Rfd1 Rxd5 26. Rxd5 Qe6
27. Rd8+ {carpante resigns} 1-0

[Event "ICS rated blitz match"]
[Site "204.178.125.65"]
[Date "2000.11.23"]
[Round "?"]
[White "Valg"]
[Black "Hossa"]
[Result "1-0"]
[WhiteElo "2668"]
[BlackElo "2550"]
[PlyCount "111"]
[EventDate "2000.??.??"]

1. e4 e5 2. Nf3 Nf6 3. Nxe5 d6 4. Nf3 Nxe4 5. d4 Bg4 6. Bd3 d5 7. O-O Nc6 8. c4
Nb4 9. cxd5 Nxd3 10. Qxd3 Nd6 11. Re1+ Be7 12. Qe2 Bxf3 13. gxf3 Qd7 14. Bf4
Nf5 15. Qc4 O-O-O 16. Nc3 Bd6 17. Bg3 Nxg3 18. fxg3 Rhe8 19. Re4 f5 20. Re6 Be7
21. Rae1 Bf6 22. Nb5 Kb8 23. Rxe8 Rxe8 24. Rxe8+ Qxe8 25. Qxc7+ Ka8 26. Qc1 Qd8
27. Qc5 b6 28. Qc6+ Kb8 29. d6 a6 30. Nc7 Ka7 31. Ne6 Qb8 32. d7 f4 33. d8=R
Bxd8 34. Qd7+ Bc7 35. Nxc7 fxg3 36. hxg3 Qb7 37. Qxg7 Kb8 38. Ne6 Qxf3 39. Qh8+
Kb7 40. Qxh7+ Kc6 41. Qc7+ Kb5 42. Qc3 Qxc3 43. bxc3 Kc4 44. Nc7 a5 45. g4 b5
46. g5 Kxc3 47. d5 Kb2 48. Nxb5 Kxa2 49. d6 Kb3 50. d7 a4 51. d8=Q Kb2 52. Qd2+
Kb3 53. Qc3+ Ka2 54. Qc2+ Ka1 55. Nd4 a3 56. Nb3# {Hossa checkmated} 1-0

[Event "ICS rated blitz match"]
[Site "204.178.125.65"]
[Date "2000.11.23"]
[Round "?"]
[White "Valg"]
[Black "Hossa"]
[Result "1-0"]
[WhiteElo "2678"]
[BlackElo "2539"]
[PlyCount "117"]
[EventDate "2000.??.??"]

1. e4 c5 2. Nf3 g6 3. d4 Bg7 4. Nc3 cxd4 5. Nxd4 Nc6 6. Be3 Nf6 7. Bc4 O-O 8.
Bb3 Ng4 9. Qxg4 Nxd4 10. Qd1 Nxb3 11. axb3 Qc7 12. Bd4 Be5 13. Nd5 Qd6 14. c3
Bxd4 15. Qxd4 Re8 16. Nb6 Qxd4 17. cxd4 Rb8 18. Rxa7 d6 19. O-O Kg7 20. Rc1 Be6
21. d5 Bc8 22. Kf1 e6 23. e5 exd5 24. exd6 Bf5 25. d7 Red8 26. Rc7 d4 27. Rcxb7
Rxb7 28. Rxb7 Kf6 29. Rc7 Ke7 30. Ke2 Be4 31. f3 Bb1 32. Rc4 d3+ 33. Kd2 f5 34.
b4 g5 35. Rc6 Bc2 36. Rh6 Rh8 37. b5 Bb1 38. g4 fxg4 39. fxg4 Bc2 40. b4 Bb1
41. Rh5 h6 42. h4 gxh4 43. Rxh4 Ba2 44. g5 h5 45. Rd4 Rd8 46. Nc8+ Ke6 47. Rd6+
Kf5 48. b6 Be6 49. b7 Bxd7 50. b8=Q Rxc8 51. Rd5+ Kg4 52. Rd4+ Kxg5 53. Qf4+
Kg6 54. Rd6+ Be6 55. Rxe6+ Kg7 56. Qg5+ Kf8 57. Qe7+ Kg8 58. Rg6+ Kh8 59. Qg7#
{Hossa checkmated} 1-0

[Event "ICS rated blitz match"]
[Site "204.178.125.65"]
[Date "2000.11.23"]
[Round "?"]
[White "Valg"]
[Black "Hossa"]
[Result "1-0"]
[WhiteElo "2724"]
[BlackElo "2554"]
[PlyCount "147"]
[EventDate "2000.??.??"]

1. e4 e5 2. Nf3 Nc6 3. Bb5 a6 4. Ba4 Nf6 5. O-O Be7 6. Re1 b5 7. Bb3 d6 8. c3
O-O 9. h3 Na5 10. Bc2 c5 11. d4 Qc7 12. Nbd2 cxd4 13. cxd4 Nc6 14. d5 Nb4 15.
Bb1 a5 16. Nf1 Bd7 17. a3 Na6 18. b3 b4 19. Bd2 bxa3 20. Rxa3 Nc5 21. Bc2 Rfc8
22. Re3 Qb6 23. Ng3 Bd8 24. Rc3 Bb5 25. Be3 Ra7 26. Ra1 Rac7 27. Nd2 Ba6 28.
Nc4 Bxc4 29. Rxc4 Qb8 30. Rc1 Qb7 31. Nf5 Qb6 32. Qf3 Kh8 33. Bd1 Ne8 34. R1c3
Nf6 35. Qg3 g6 36. Nh6 Kg7 37. Bc2 Nh5 38. Qf3 Nf6 39. g4 Qb5 40. g5 Ng8 41.
Bxc5 dxc5 42. Rxc5 Qd7 43. Rxc7 Rxc7 44. Ng4 Qe7 45. h4 Qb4 46. Rc4 Rxc4 47.
bxc4 Bc7 48. Nf6 Nxf6 49. Qxf6+ Kf8 50. Qh8+ Ke7 51. c5 Kd7 52. Qf8 Bd8 53.
Qxf7+ Kc8 54. Qe6+ Kb7 55. Qd7+ Bc7 56. Qc6+ Kb8 57. d6 Bd8 58. Qd7 Qxc5 59.
Qxd8+ Qc8 60. Qb6+ Ka8 61. Qxa5+ Kb7 62. Qb5+ Ka8 63. d7 Qd8 64. Qa6+ Kb8 65.
Ba4 h5 66. Qd6+ Kb7 67. Qb4+ Ka6 68. Bc6 Qb6 69. Qa4+ Qa5 70. Bb5+ Ka7 71.
Qxa5+ Kb7 72. Kg2 Kb8 73. d8=Q+ Kb7 74. Qda8# {Hossa checkmated} 1-0

[Event "ICS rated bullet match"]
[Site "204.178.125.65"]
[Date "2000.11.23"]
[Round "?"]
[White "Hossa"]
[Black "twixer"]
[Result "0-1"]
[WhiteElo "2596"]
[BlackElo "2674"]
[PlyCount "66"]
[EventDate "2000.??.??"]

1. e4 e6 2. d4 d5 3. Nd2 Nf6 4. e5 Nfd7 5. c3 b6 6. Nh3 c5 7. Nf3 cxd4 8. cxd4
Bb4+ 9. Bd2 Bxd2+ 10. Nxd2 O-O 11. Bb5 Ba6 12. a4 Qe7 13. Qh5 Qb4 14. Ng5 h6
15. Ngf3 Bxb5 16. axb5 Qxb5 17. Ra2 Nc6 18. Kd1 Nb4 19. Ra3 Nd3 20. Rb3 Qa4 21.
Rf1 Rac8 22. Qg4 Nc1 23. Ne1 Nxb3 24. Nxb3 Qxb3+ 25. Ke2 Qxb2+ 26. Ke3 Qc1+ 27.
Ke2 Qc4+ 28. Kd2 Nxe5 29. Qg3 Qxd4+ 30. Ke2 Qb2+ 31. Ke3 Rc3+ 32. Kf4 Rc4+ 33.
Ke3 Re4# {Hossa checkmated} 0-1

[Event "ICS rated blitz match"]
[Site "204.178.125.65"]
[Date "2000.11.23"]
[Round "?"]
[White "Hossa"]
[Black "Valg"]
[Result "0-1"]
[WhiteElo "2545"]
[BlackElo "2761"]
[PlyCount "114"]
[EventDate "2000.??.??"]

1. c4 Nf6 2. g3 g6 3. Nf3 Bg7 4. Bg2 O-O 5. O-O d6 6. d4 Nbd7 7. Na3 e5 8. dxe5
Nxe5 9. Nxe5 dxe5 10. Qb3 Qe7 11. Bd2 c6 12. Bb4 c5 13. Bc3 e4 14. Rad1 Bg4 15.
Qc2 e3 16. Nb5 Bf5 17. Qc1 exf2+ 18. Rxf2 Rfd8 19. Rxd8+ Rxd8 20. h3 a6 21. Na3
Ne4 22. Bxe4 Qxe4 23. Bxg7 Kxg7 24. g4 Bc8 25. Qc3+ Kg8 26. Qf3 Rd1+ 27. Kg2
Qe6 28. b3 Bd7 29. e4 Rd4 30. Nc2 Rxe4 31. Kg1 Bc6 32. Qd3 b5 33. cxb5 Rxg4+
34. Kf1 Bxb5 35. Qxb5 axb5 36. hxg4 Qxg4 37. Re2 c4 38. bxc4 bxc4 39. Ke1 c3
40. Kd1 h5 41. a3 f5 42. Ne1 f4 43. Nd3 g5 44. a4 f3 45. Rf2 Qxa4+ 46. Kc1 Qa1+
47. Kc2 g4 48. Kb3 g3 49. Rc2 g2 50. Rc1 g1=Q 51. Rxg1+ Qxg1 52. Kxc3 f2 53.
Nb4 f1=Q 54. Na2 Qc5+ 55. Kb2 Qe2+ 56. Kb1 Qcc2+ 57. Ka1 Qxa2# {
Hossa checkmated} 0-1

[Event "ICS Rated bullet match"]
[Site "204.178.125.65"]
[Date "2000.11.23"]
[Round "?"]
[White "twixer"]
[Black "Hossa"]
[Result "1-0"]
[WhiteElo "2661"]
[BlackElo "2584"]
[PlyCount "133"]
[EventDate "2000.??.??"]

1. e4 e6 2. d4 d5 3. Nc3 Bb4 4. e5 c5 5. a3 Bxc3+ 6. bxc3 Ne7 7. Qg4 Kf8 8. Nf3
Nf5 9. Bd3 c4 10. Bxf5 exf5 11. Qh5 h6 12. O-O Kg8 13. Rb1 g6 14. Qh3 f4 15.
Qh4 Qxh4 16. Nxh4 g5 17. Nf3 b6 18. h4 g4 19. Ne1 Kh7 20. f3 g3 21. Bxf4 Rg8
22. Rb5 Be6 23. Kh1 Nc6 24. Rg1 Rae8 25. a4 Ra8 26. h5 Ne7 27. a5 bxa5 28. Rxa5
Nf5 29. Ra6 Ng7 30. Bxg3 Bc8 31. Ra5 Nxh5 32. Bh2 Bb7 33. g4 Ng7 34. Ng2 Rgd8
35. Rb1 Rd7 36. Nf4 Bc6 37. Rba1 Ne6 38. Nh5 Rb7 39. Bf4 Kg6 40. Be3 Nc7 41.
Nf6 a6 42. Rc5 Rb6 43. Kg2 Rab8 44. Rh1 Rh8 45. Ng8 Rxg8 46. Rxh6+ Kg7 47.
Rhxc6 Rxc6 48. Rxc6 Nb5 49. Rxa6 Nxc3 50. Ra7 Kg6 51. f4 Nb5 52. f5+ Kg7 53.
Rd7 Kf8 54. Rb7 Rxg4+ 55. Kf3 Rxd4 56. f6 Kg8 57. e6 Nd6 58. exf7+ Nxf7 59.
Bxd4 Ng5+ 60. Ke3 Ne4 61. f7+ Kf8 62. c3 Nd6 63. Bc5 Kg7 64. Bxd6 Kf6 65. f8=Q+
Kg5 66. Rg7+ Kh4 67. Qh8# {Hossa checkmated} 1-0

[Event "ICS rated blitz match"]
[Site "204.178.125.65"]
[Date "2000.11.23"]
[Round "?"]
[White "Hossa"]
[Black "SNOEBE"]
[Result "1-0"]
[WhiteElo "2538"]
[BlackElo "2403"]
[PlyCount "95"]
[EventDate "2000.??.??"]

1. d4 d6 2. e4 Nd7 3. Nf3 Ngf6 4. Bd3 e5 5. O-O Be7 6. c3 O-O 7. Qc2 c6 8. Rd1
Qc7 9. Bg5 h6 10. Bh4 Re8 11. dxe5 dxe5 12. Nbd2 Nf8 13. Bg3 Ng6 14. Nc4 Bf8
15. Nh4 Nxh4 16. Bxh4 Be7 17. Bg3 Bf8 18. Be2 b5 19. Nd2 Be6 20. c4 b4 21. Nf3
Bg4 22. h3 Bxf3 23. Bxf3 Bc5 24. Bh4 Nh7 25. Qd3 Nf8 26. Bh5 g6 27. Bg4 g5 28.
Bg3 Rad8 29. Qc2 Ne6 30. Rxd8 Rxd8 31. Bxe6 fxe6 32. Qe2 Bd4 33. h4 Qe7 34. Qh5
Kg7 35. Rb1 Rf8 36. b3 Qf7 37. Qe2 Qg6 38. Qg4 gxh4 39. Qxh4 Qg5 40. Qh2 Qg4
41. Bxe5+ Bxe5 42. Qxe5+ Kh7 43. Qc7+ Kh8 44. Qxc6 Rg8 45. g3 h5 46. Qc5 h4 47.
Qe3 hxg3 48. Qh6# {SNOEBE checkmated} 1-0

[Event "ICS rated bullet match"]
[Site "204.178.125.65"]
[Date "2000.11.23"]
[Round "?"]
[White "Tim"]
[Black "Hossa"]
[Result "0-1"]
[WhiteElo "2234"]
[BlackElo "2571"]
[PlyCount "74"]
[EventDate "2000.??.??"]

1. d4 Nf6 2. Nc3 d5 3. e4 Nxe4 4. Nxe4 dxe4 5. f3 Bf5 6. c3 e6 7. fxe4 Qh4+ 8.
Ke2 Qxe4+ 9. Kf2 Nc6 10. Nf3 O-O-O 11. Bb5 Qd5 12. c4 Qd6 13. Be3 Be4 14. Bxc6
Qxc6 15. b3 f6 16. Re1 Bb4 17. Re2 Kb8 18. Rc1 Ba3 19. Rcc2 Bd6 20. Rcd2 Bb4
21. Rc2 Bxc2 22. Qxc2 Qd6 23. h3 c5 24. dxc5 Bxc5 25. Qe4 e5 26. Bxc5 Qxc5+ 27.
Kg3 g6 28. Kh2 Rhe8 29. Qh4 Qc7 30. Kh1 Rd1+ 31. Re1 Rxe1+ 32. Qxe1 e4 33. Nd4
e3 34. Nb5 Qd8 35. Qg3+ Re5 36. Qe1 Qd2 37. Kg1 Qxe1+ {Tim resigns} 0-1

[Event "ICS rated blitz match"]
[Site "204.178.125.65"]
[Date "2000.11.23"]
[Round "?"]
[White "harimau"]
[Black "Hossa"]
[Result "1-0"]
[WhiteElo "2831"]
[BlackElo "2548"]
[PlyCount "91"]
[EventDate "2000.??.??"]

1. Nf3 d6 2. c4 e5 3. Nc3 Nf6 4. g3 Be7 5. d3 O-O 6. Bg2 c6 7. O-O Na6 8. a3
Bf5 9. e4 Bg4 10. h3 Bh5 11. g4 Bg6 12. Nh4 Nd7 13. Nf5 Bxf5 14. exf5 Bg5 15.
Bxg5 Qxg5 16. b4 Qh4 17. Qf3 Rfc8 18. Qg3 Qf6 19. d4 Re8 20. d5 c5 21. b5 Nc7
22. Ne4 Qe7 23. f4 Qf8 24. Rac1 f6 25. g5 Rab8 26. g6 h6 27. a4 Qe7 28. a5 b6
29. a6 exf4 30. Rxf4 Qe5 31. Rg4 Qd4+ 32. Kh1 Qb2 33. Qf4 Red8 34. Rh4 Ne5 35.
Nxf6+ Kf8 36. Be4 Nxc4 37. Nh7+ Kg8 38. Rxc4 Qe2 39. Rc1 Qa2 40. f6 Nxd5 41.
f7+ Kh8 42. Qg5 Nc3 43. Nf6 Qh2+ 44. Kxh2 Nxb5 45. Rxh6+ gxh6 46. Qxh6# {
Hossa checkmated} 1-0

[Event "ICS rated bullet match"]
[Site "204.178.125.65"]
[Date "2000.11.23"]
[Round "?"]
[White "Hossa"]
[Black "Champbuster"]
[Result "1-0"]
[WhiteElo "2575"]
[BlackElo "2501"]
[PlyCount "133"]
[EventDate "2000.??.??"]

1. Nf3 e6 2. d4 d5 3. Bg5 Nf6 4. e3 Be7 5. Bd3 c6 6. Nbd2 h6 7. Bf4 Bd6 8. Bxd6
Qxd6 9. Qe2 Nbd7 10. O-O Qc7 11. c3 c5 12. e4 c4 13. Bc2 dxe4 14. Nxe4 Nxe4 15.
Bxe4 Nf6 16. Ne5 Nxe4 17. Qxe4 Bd7 18. d5 exd5 19. Qxd5 Be6 20. Qb5+ Kf8 21. b3
a6 22. Qb4+ Kg8 23. Nxc4 Bxc4 24. bxc4 Rb8 25. c5 Kh7 26. Qe4+ g6 27. Qd4 Rhd8
28. Qf6 Rd7 29. Qb6 Rc8 30. Rfc1 Qxb6 31. cxb6 Rd6 32. Rab1 Rd2 33. a3 Ra2 34.
Rb3 Rc6 35. g4 a5 36. Rd1 a4 37. Rbb1 Rxa3 38. Rd7 Kg7 39. Rxb7 Raxc3 40. Rd7
Rc1+ 41. Rxc1 Rxc1+ 42. Kg2 Rb1 43. Ra7 a3 44. Rxa3 Rxb6 45. Rf3 Rb7 46. Rd3
Re7 47. Kg3 Ra7 48. f3 Rb7 49. f4 Ra7 50. Kf3 Rb7 51. Rd6 Rb3+ 52. Ke4 Rb2 53.
h3 Rh2 54. Rd3 Re2+ 55. Kd5 Rf2 56. Ke5 Re2+ 57. Kd6 Re8 58. Rf3 Re4 59. Kd5
Re1 60. Rd3 f6 61. Rd2 h5 62. Kc6 hxg4 63. Rd7+ Kh6 64. hxg4 Rg1 65. Rf7 Rxg4
66. Re7 Kh5 67. Rh7# {Champbuster checkmated} 1-0

[Event "ICS rated bullet match"]
[Site "204.178.125.65"]
[Date "2000.11.23"]
[Round "?"]
[White "twixer"]
[Black "Hossa"]
[Result "1-0"]
[WhiteElo "2670"]
[BlackElo "2592"]
[PlyCount "63"]
[EventDate "2000.??.??"]

1. d4 Nf6 2. Nf3 d5 3. c4 c6 4. Nc3 dxc4 5. a4 Bf5 6. Ne5 e6 7. f3 c5 8. e4
Qxd4 9. Qxd4 cxd4 10. Nb5 Bb4+ 11. Kf2 Nbd7 12. Nxd7 Kxd7 13. exf5 d3 14. fxe6+
fxe6 15. Be3 Rhf8 16. Kg3 Nd5 17. Bd4 a6 18. Nc3 Ne7 19. Kf2 Nf5 20. Bb6 Kc6
21. a5 Rf7 22. Ra4 Bc5+ 23. Bxc5 Kxc5 24. b3 Nd6 25. bxc4 Rd7 26. Bxd3 Kd4 27.
Ne2+ Kxd3 28. c5 Rad8 29. Rc1 Nb5 30. Ke1 e5 31. Ra3+ Nxa3 32. Rc3# {
Hossa checkmated} 1-0